Statistics for geometry dash full version

Click here to take the quiz!

General Stats

  • This quiz has been taken 68 times
  • The average score is 14 of 15

Answer Stats

QuestionAnswer% Correct
what is the 1 level of geometry dash full version?stereo madness
100%
what is the 5 level of geometry dash full versionbase after base
96%
what is the 6 level of geometry dash full versioncant let go
96%
what is the 9 level of geometry dash full versioncycles
96%
what is the 4 level of geometry dash full versiondry out
96%
what is the 7 level of geometry dash full versionjumper
96%
what is the 3 level of geometry dash full versionpolargiest
96%
what is the 8 level of geometry dash full versiontime machine
96%
what is the 2 level of geometry dash full version?back on track
92%
what is the 1 demon level of geometry dash full versionclubstep
92%
what is the 11 level of geometry dash full versionclutterfunk
92%
what is the 3 demon level of geometry dash full versiondeadlocked
92%
what is the 12 level of geometry dash full versiontheory of everything
92%
what is the 2 demon level of geometry dash full versiontheory of everything 2
92%
what is the 10 level of geometry dash full versionx step
92%

Score Distribution

Percentile by Number Answered

Percent of People with Each Score

Your Score History

You have not taken this quiz